Normal view
MARC view
Entry Personal Name
001 - CONTROL NUMBER
- control field: 1123579
003 - CONTROL NUMBER IDENTIFIER
- control field: OSt
005 - DATE AND TIME OF LATEST TRANSACTION
- control field: 20260305121811.0
008 - FIXED-LENGTH DATA ELEMENTS
- fixed length control field: 260305|| aca||aabn | a|a d
040 ## - CATALOGING SOURCE
- Original cataloging agency: OSt
- Transcribing agency: OSt
100 ## - HEADING--PERSONAL NAME
- Personal name: शुक्ल, राधे श्याम
670 ## - SOURCE DATA FOUND
- Source citation: Work cat.: (OSt)1435568: 821581, केशवकाव्यकलानिधि:, 2013.
